书目信息 |
| 题名: |
心理学与生活
|
|
| 作者: | 格里格 著 ;王垒 译 | |
| 分册: | 第1册 行为的生物学基础与感知觉 | |
| 出版信息: | 北京 人民邮电出版社 2024.10 |
|
| 页数: | 21,301页 | |
| 开本: | 24cm | |
| 丛书名: | ||
| 单 册: | ||
| 中图分类: | B84-49 | |
| 科图分类: | ||
| 主题词: | 心理学--通俗读物 | |
| 电子资源: | ||
| ISBN: | 978-7-115-64638-5 | |
| 000 | 01341nam2 2200325 450 | |
| 001 | 01211358 | |
| 005 | 20251022155225.28 | |
| 010 | @a978-7-115-64638-5@dCNY88.00 | |
| 100 | @a20250110d2024 em y0chiy0120 ea | |
| 101 | 1 | @achi@ceng |
| 102 | @aCN@b110000 | |
| 105 | @aa az 000yy | |
| 106 | @ar | |
| 200 | 1 | @a心理学与生活@9xin li xue yu sheng huo@h第1册@i行为的生物学基础与感知觉@f(美)理查德·格里格著@g王垒等译 |
| 210 | @a北京@c人民邮电出版社@d2024.10 | |
| 215 | @a21,301页@c图@d24cm | |
| 300 | @a教育部高等学校心理学教学指导委员会推荐用书 新曲线心理 | |
| 305 | @a译自原书第20版 | |
| 306 | @a本书中文简体字版由Pearson Education(培生教育出版集团)授权出版 | |
| 312 | @a封面题英文并列题名:Paychology and life | |
| 320 | @a有书目(第283-301页) | |
| 330 | @a本书共16章,涵盖了心理学的四方上下、古往今来,既有心理学基本原理、研究方法、生物基础,又有感知、意识、注意、学习、记忆、言语、能力、情绪、动机、人格,以及毕生发展、社会心理、心理异常与治疗等具体板块。 | |
| 510 | 1 | @aPaychology and life@zeng |
| 517 | 1 | @a行为的生物学基础与感知觉@9xing wei de sheng wu xue ji chu yu gan zhi jue |
| 606 | 0 | @a心理学@j通俗读物 |
| 690 | @aB84-49@v5 | |
| 701 | 1 | @c(美)@a格里格@9ge li ge@c(Gerrig, Richard J.)@4著 |
| 702 | 0 | @a王垒@9wang lei@4译 |
| 801 | 0 | @aCN@c20250910 |
| 905 | @a河南城建学院图书馆@dB84-49@eG275-2:1@ZG275-2:1@f1 | |
| 心理学与生活.第1册.行为的生物学基础与感知觉/(美)理查德·格里格著/王垒等译.-北京:人民邮电出版社,2024.10 |
| 21,301页:图;24cm |
| 教育部高等学校心理学教学指导委员会推荐用书 新曲线心理 |
| ISBN 978-7-115-64638-5:CNY88.00 |
| 本书共16章,涵盖了心理学的四方上下、古往今来,既有心理学基本原理、研究方法、生物基础,又有感知、意识、注意、学习、记忆、言语、能力、情绪、动机、人格,以及毕生发展、社会心理、心理异常与治疗等具体板块。 |
| ● |
| 相关链接 |
|
|
|
正题名:心理学与生活
索取号:B84-49/G275-2:1
 
预约/预借
| 序号 | 登录号 | 条形码 | 馆藏地/架位号 | 状态 | 备注 |
| 1 | 1634119 | 216341199 | 社科库509/509社科库 35排1列5层/ [索取号:B84-49/G275-2:1] | 在馆 |